[Event "Paul Keres mem (23rd)"]
[Site "Vancouver CAN"]
[Date "1998.05.16"]
[Round "2"]
[White "Chow, Vincent"]
[Black "Ljubisavljevic, Zivojin"]
[Result "0-1"]
[WhiteElo "2040"]
[BlackElo "2496"]
[PlyCount "84"]
[GameId "2160767911873092"]
[EventDate "1998.05.15"]
[EventType "swiss"]
[EventRounds "7"]
[EventCountry "CAN"]

1. d4 Nf6 2. c4 e6 3. Nf3 b6 4. g3 Bb7 5. Bg2 Bb4+ 6. Bd2 a5 7. O-O O-O 8. Bxb4 axb4 9. Nbd2 Ne4 10. Nxe4 Bxe4 11. Qb3 c5 12. a3 Nc6 13. dxc5 bxc5 14. Qe3 Bxf3 15. Bxf3 Qb6 16. Bxc6 Qxc6 17. axb4 cxb4 18. Qb3 Qc5 19. Ra2 h5 20. Rfa1 Rxa2 21. Qxa2 h4 22. b3 h3 23. Qd2 Qe5 24. Re1 Ra8 25. Qxb4 Rb8 26. Qe7 d5 27. c5 d4 28. c6 Qe4 29. f3 Qxc6 30. Qa7 Rd8 31. Qa5 Rd5 32. Qd2 Qb6 33. Qd3 g6 34. Rd1 e5 35. Rc1 Kg7 36. Kf1 Rb5 37. Rb1 Rc5 38. Qe4 Qb5 39. b4 Rc3 40. f4 Re3 41. Qc2 Qd5 42. Ke1 d3 0-1

[Event "Paul Keres mem (23rd)"]
[Site "Vancouver CAN"]
[Date "1998.05.16"]
[Round "2"]
[White "Ferguson, Jim"]
[Black "Hallam, John"]
[Result "0-1"]
[WhiteElo "2256"]
[BlackElo "2219"]
[PlyCount "68"]
[GameId "2160767911873093"]
[EventDate "1998.05.15"]
[EventType "swiss"]
[EventRounds "7"]
[EventCountry "CAN"]

1. e4 c5 2. Nf3 Nc6 3. Bb5 g6 4. O-O Bg7 5. Re1 Nf6 6. e5 Nd5 7. c3 O-O 8. d4 cxd4 9. cxd4 Nc7 10. Bc4 d6 11. Bf4 Bg4 12. Nc3 Ne6 13. Be3 Bxf3 14. gxf3 dxe5 15. d5 Na5 16. Bf1 Nd4 17. Rc1 b6 18. b4 Nb7 19. Bxd4 exd4 20. Nb5 Qxd5 21. f4 Rab8 22. Rxe7 Bf6 23. Rec7 a5 24. Bc4 Qe4 25. Qb3 Qxf4 26. Bxf7+ Kh8 27. Bxg6 Qg5+ 28. Kh1 hxg6 29. Rg1 Qxb5 30. Rxg6 Qh5 31. Rg3 Rbe8 32. Rh3 Bh4 33. Rxb7 Re1+ 34. Kg2 Rxf2# 0-1

[Event "Paul Keres mem (23rd)"]
[Site "Vancouver CAN"]
[Date "1998.05.16"]
[Round "2"]
[White "Harris, Philip"]
[Black "Kovacs, George"]
[Result "1-0"]
[WhiteElo "2004"]
[BlackElo "1801"]
[PlyCount "49"]
[GameId "2160767911873094"]
[EventDate "1998.05.15"]
[EventType "swiss"]
[EventRounds "7"]
[EventCountry "CAN"]

1. e4 e5 2. Nf3 Nc6 3. d4 Qe7 4. Nc3 Nf6 5. Bg5 h6 6. Nd5 Qd6 7. dxe5 Nxe5 8. Nxf6+ gxf6 9. Qxd6 Bxd6 10. Bxf6 Nxf3+ 11. gxf3 Rg8 12. Bh3 Bf4 13. Ke2 Rg6 14. Bh4 b6 15. Bf5 Ba6+ 16. Ke1 Rd6 17. Rd1 Bc4 18. Rg1 f6 19. Rxd6 Bxd6 20. Bxf6 Bxh2 21. Rg7 Bf7 22. Rh7 Kf8 23. Bxd7 Be8 24. Be6 Bf7 25. Rh8+ 1-0

[Event "Paul Keres mem (23rd)"]
[Site "Vancouver CAN"]
[Date "1998.05.16"]
[Round "2"]
[White "Hempson, Peter"]
[Black "Carlisle, Michael"]
[Result "1-0"]
[WhiteElo "2254"]
[BlackElo "1831"]
[PlyCount "54"]
[GameId "2160767911873095"]
[EventDate "1998.05.15"]
[EventType "swiss"]
[EventRounds "7"]
[EventCountry "CAN"]

1. d4 f5 2. Bg5 h6 3. Bh4 Nf6 4. Bxf6 exf6 5. e4 fxe4 6. Qh5+ Ke7 7. Nc3 c6 8. Nxe4 d5 9. Ng3 Qe8 10. Bd3 Qxh5 11. Nxh5 Kf7 12. Nf4 f5 13. h4 Bd6 14. Nge2 g6 15. O-O-O Nd7 16. g4 Nf6 17. f3 Bd7 18. h5 gxh5 19. gxf5 Rh7 20. Nxh5 Nxh5 21. Rxh5 Kf6 22. Rg1 Be8 23. Rh4 Bf7 24. Nf4 Bxf4+ 25. Rxf4 h5 26. Kd2 Rg8 27. Rg6+ Ke7 1-0

[Event "Paul Keres mem (23rd)"]
[Site "Vancouver CAN"]
[Date "1998.05.16"]
[Round "2"]
[White "Keshet, Joshua"]
[Black "Pechisker, Alfred"]
[Result "1-0"]
[WhiteElo "1835"]
[BlackElo "2041"]
[PlyCount "68"]
[GameId "2160767911873096"]
[EventDate "1998.05.15"]
[EventType "swiss"]
[EventRounds "7"]
[EventCountry "CAN"]

1. e4 c5 2. Nf3 Nc6 3. c3 e6 4. a4 d5 5. e5 Nge7 6. d4 cxd4 7. cxd4 Nf5 8. Nc3 Bb4 9. Be2 Qb6 10. Be3 Nxe3 11. fxe3 Bd7 12. O-O O-O 13. Kh1 Rac8 14. Ng5 Ne7 15. Bd3 g6 16. Qf3 Bxc3 17. Qh3 h5 18. g4 Kg7 19. Rf6 Bxb2 20. Raf1 Rc1 21. gxh5 Rxf1+ 22. Qxf1 Nf5 23. Bxf5 exf5 24. Rxb6 axb6 25. Qb1 Ba3 26. Qxb6 Bc6 27. Qc7 Kh6 28. Nxf7+ Kxh5 29. Nd6 f4 30. Qh7+ Kg5 31. Qe7+ Kg4 32. Qxf8 fxe3 33. Kg2 Bc1 34. Qf3+ Kg5 1-0

[Event "Paul Keres mem (23rd)"]
[Site "Vancouver CAN"]
[Date "1998.05.16"]
[Round "2"]
[White "Kostadinov, George"]
[Black "Cabanas, Francisco"]
[Result "0-1"]
[WhiteElo "2297"]
[BlackElo "2051"]
[PlyCount "100"]
[GameId "2160767911873097"]
[EventDate "1998.05.15"]
[EventType "swiss"]
[EventRounds "7"]
[EventCountry "CAN"]

1. d4 Nf6 2. c4 e6 3. Nc3 Bb4 4. e3 O-O 5. Bd3 d5 6. Nf3 dxc4 7. Bxc4 c5 8. O-O cxd4 9. exd4 b6 10. Ne5 Bb7 11. Be3 Nbd7 12. Nxf7 Kxf7 13. d5 Ne5 14. dxe6+ Ke7 15. Qb3 Bxc3 16. Rad1 Qc7 17. Qa3+ Ke8 18. Bb5+ Bc6 19. Qxc3 Rc8 20. Bxc6+ Nxc6 21. Qc4 Ne5 22. Qb5+ Ke7 23. Rfe1 Rfd8 24. Rc1 Qd6 25. Rxc8 Rxc8 26. h3 Rd8 27. Qa4 a5 28. Bf4 Nf3+ 29. gxf3 Qd3 30. Kg2 Rd4 31. Qa3+ Qxa3 32. bxa3 Rxf4 33. Rb1 Nd5 34. Rb5 Kxe6 35. Kg3 Rc4 36. f4 Rc3+ 37. Kg4 Rxa3 38. f5+ Kd6 39. Rb2 Nb4 40. h4 Rxa2 41. Rb1 Rxf2 42. Rd1+ Ke7 43. Rc1 Rd2 44. Rc4 Nd5 45. Re4+ Kf7 46. Ra4 Rb2 47. Ra1 Rb4+ 48. Kg3 a4 49. h5 h6 50. Rd1 Nf6 0-1

[Event "Paul Keres mem (23rd)"]
[Site "Vancouver CAN"]
[Date "1998.05.16"]
[Round "2"]
[White "Martinson, Rick"]
[Black "Bince, Rolando"]
[Result "0-1"]
[WhiteElo "1767"]
[BlackElo "1818"]
[PlyCount "82"]
[GameId "2160767911873099"]
[EventDate "1998.05.15"]
[EventType "swiss"]
[EventRounds "7"]
[EventCountry "CAN"]

1. d4 d5 2. c4 Nf6 3. Nc3 e6 4. Bg5 Be7 5. Nf3 O-O 6. e3 Nc6 7. Rc1 h6 8. Bh4 Ne4 9. Bxe7 Nxe7 10. cxd5 Nxc3 11. bxc3 exd5 12. c4 Bg4 13. cxd5 Qxd5 14. Rc5 Qxa2 15. Bc4 Bxf3 16. gxf3 Qa3 17. O-O c6 18. Kh1 b6 19. Rh5 Kh7 20. Qc2+ g6 21. Rg1 f5 22. Rh3 Qd6 23. Qd2 Rad8 24. f4 b5 25. Be2 b4 26. Qb2 a5 27. Rhg3 Rg8 28. h4 Qf6 29. Bc4 Qxh4+ 30. Kg2 Nd5 31. Bxd5 Rxd5 32. Rh1 Qe7 33. Kf1 Qb7 34. Rgh3 Qb5+ 35. Kg2 h5 36. Qc2 b3 37. Qb2 Qb4 38. Rc1 a4 39. Rxc6 a3 40. Qe2 Qb5 41. Rxh5+ gxh5+ 0-1

[Event "Paul Keres mem (23rd)"]
[Site "Vancouver CAN"]
[Date "1998.05.16"]
[Round "2"]
[White "Milat, Marcel"]
[Black "Plesset, Kiven"]
[Result "1-0"]
[WhiteElo "2346"]
[BlackElo "2050"]
[PlyCount "97"]
[GameId "2160767911873100"]
[EventDate "1998.05.15"]
[EventType "swiss"]
[EventRounds "7"]
[EventCountry "CAN"]

1. e4 e6 2. d4 d5 3. exd5 exd5 4. Nf3 Nf6 5. Bd3 Bd6 6. O-O O-O 7. Bg5 Bg4 8. Nbd2 Nbd7 9. c3 c6 10. Re1 Qc7 11. Qc2 Rfe8 12. h3 Bh5 13. Nh4 Bf4 14. Bxf4 Qxf4 15. Nf5 Bg6 16. Ne7+ Kf8 17. Nxg6+ hxg6 18. Nf3 Qd6 19. Qb3 b6 20. a4 Nh5 21. Bf1 Qf6 22. c4 Qd6 23. cxd5 cxd5 24. Bb5 Nhf6 25. Ne5 Re7 26. Nxd7+ Nxd7 27. Rxe7 Kxe7 28. Re1+ Kf8 29. Bxd7 Qxd7 30. Qa3+ Kg8 31. Re7 Qd8 32. g3 a5 33. Rb7 Rb8 34. Ra7 Rc8 35. Qf3 f6 36. b3 Rc6 37. Kg2 Rd6 38. Qe2 Kf8 39. Qc2 f5 40. Rc7 Qf6 41. Qd2 Kg8 42. Qf4 Re6 43. Rd7 Re4 44. Qb8+ Kh7 45. h4 Rxd4 46. Rd8 g5 47. Rh8+ Kg6 48. h5+ Kf7 49. Qe8# 1-0

[Event "Paul Keres mem (23rd)"]
[Site "Vancouver CAN"]
[Date "1998.05.16"]
[Round "2"]
[White "Neufahrt, Gerhard"]
[Black "Milicevic, Dragoljub"]
[Result "0-1"]
[WhiteElo "2129"]
[BlackElo "2345"]
[PlyCount "86"]
[GameId "2160767911873101"]
[EventDate "1998.05.15"]
[EventType "swiss"]
[EventRounds "7"]
[EventCountry "CAN"]

1. d4 f5 2. Nf3 g6 3. Bf4 Nf6 4. e3 Bg7 5. Be2 O-O 6. Nbd2 d6 7. c3 h6 8. Qb3+ e6 9. h4 a5 10. Rh3 a4 11. Qc2 Qe8 12. Rh1 Nc6 13. Nc4 Bd7 14. Rd1 Ne7 15. Rg1 Bc6 16. Nfd2 Nfd5 17. Bh2 b5 18. Na3 b4 19. Nac4 a3 20. cxb4 Nxb4 21. Qb3 Ned5 22. Nxa3 Ba4 23. Qc4 Bxd1 24. Bxd1 Qe7 25. g4 Qxh4 26. Nf3 Qe7 27. gxf5 gxf5 28. Bg3 Kh7 29. Nh4 Qf7 30. Bh2 e5 31. Ng6 exd4 32. Nxf8+ Rxf8 33. exd4 Re8+ 34. Kd2 Re4 35. Nb5 Bxd4 36. Nxd4 c5 37. Kc1 Rxd4 38. Qb5 Nxa2+ 39. Kc2 f4 40. Be2 Qf5+ 41. Bd3 Nab4+ 42. Kc1 Nxd3+ 43. Kb1 Nxb2+ 0-1

[Event "Paul Keres mem (23rd)"]
[Site "Vancouver CAN"]
[Date "1998.05.16"]
[Round "2"]
[White "Neufeld, John"]
[Black "Long, Hugh"]
[Result "0-1"]
[WhiteElo "1977"]
[BlackElo "1737"]
[PlyCount "92"]
[GameId "2160767911873102"]
[EventDate "1998.05.15"]
[EventType "swiss"]
[EventRounds "7"]
[EventCountry "CAN"]

1. d4 Nf6 2. c4 g6 3. Nc3 d5 4. Bf4 a6 5. e3 Bg7 6. Nf3 O-O 7. cxd5 Nxd5 8. Bg3 Nxc3 9. bxc3 c5 10. Be2 Qa5 11. Qd2 Nc6 12. O-O Bg4 13. Rfd1 cxd4 14. cxd4 Qxd2 15. Rxd2 Rad8 16. Rb1 Rd7 17. h3 Bf5 18. Rb6 Na5 19. Ne5 Bxe5 20. Bxe5 f6 21. Bg3 e5 22. f3 e4 23. Bf1 Kg7 24. Bd6 Rc8 25. g4 Be6 26. fxe4 Bc4 27. Rc2 Bxf1 28. Rxc8 Nc4 29. Bf8+ Kf7 30. Rb3 Bxh3 31. Rxc4 Kxf8 32. Rc8+ Kg7 33. Rb8 b5 34. g5 fxg5 35. Ra3 g4 36. Rxa6 Rf7 37. e5 g3 38. Rf6 Rc7 39. Rf1 Rc2 40. Re1 Rg2+ 41. Kh1 Rh2+ 42. Kg1 Rg2+ 43. Kh1 Rxa2 44. Rxb5 Bg2+ 45. Kg1 Bf3 46. Rbb1 Rh2 0-1

[Event "Paul Keres mem (23rd)"]
[Site "Vancouver CAN"]
[Date "1998.05.16"]
[Round "2"]
[White "Niksic, John"]
[Black "Vetemaa, Juri"]
[Result "0-1"]
[WhiteElo "2142"]
[BlackElo "2500"]
[PlyCount "104"]
[GameId "2160767911873103"]
[EventDate "1998.05.15"]
[EventType "swiss"]
[EventRounds "7"]
[EventCountry "CAN"]

1. d4 Nf6 2. Nf3 g6 3. g3 Bg7 4. Bg2 O-O 5. c4 d6 6. Nc3 Nbd7 7. O-O e5 8. e4 c6 9. h3 Qb6 10. d5 cxd5 11. cxd5 Nc5 12. Qe2 Bd7 13. Be3 Rfc8 14. Rab1 Qa6 15. Qxa6 bxa6 16. Bxc5 Rxc5 17. Nd2 Bh6 18. Nb3 Rc7 19. Rfd1 Rb8 20. Bf1 Rb6 21. Kg2 Rxc3 22. bxc3 Nxe4 23. Na5 Nxc3 24. Rxb6 axb6 25. Rd3 Nxa2 26. Nc6 Bc1 27. Rb3 b5 28. Bd3 Bg5 29. Ra3 Nc1 30. Bf1 Bf5 31. h4 Bf6 32. Rc3 Na2 33. Ra3 Be4+ 34. f3 Bxd5 35. Rxa6 b4 36. Rb6 e4 37. Nxb4 exf3+ 38. Kh2 Nxb4 39. Rxb4 Kg7 40. Bd3 Bc3 41. Rb5 Be6 42. Rb6 Be5 43. Rb7 h5 44. Rb4 Kf6 45. Be4 f2 46. Kg2 Bxg3 47. Bd3 f1=Q+ 48. Bxf1 Be1 49. Ra4 Bg4 50. Rf4+ Kg7 51. Rd4 Bxh4 52. Rxd6 Be6 0-1

[Event "Paul Keres mem (23rd)"]
[Site "Vancouver CAN"]
[Date "1998.05.16"]
[Round "2"]
[White "Schemm, Michael"]
[Black "Harding, Mike"]
[Result "0-1"]
[WhiteElo "2051"]
[BlackElo "1862"]
[PlyCount "59"]
[GameId "2160767911873104"]
[EventDate "1998.05.15"]
[EventType "swiss"]
[EventRounds "7"]
[EventCountry "CAN"]

1. b4 e5 2. Bb2 d6 3. e3 Nf6 4. c4 Bf5 5. Nf3 Nbd7 6. d4 exd4 7. Nxd4 Bg6 8. Be2 Be7 9. O-O O-O 10. Nc3 Re8 11. a3 Nf8 12. e4 Nxe4 13. Nd5 c6 14. Nxe7+ Rxe7 15. b5 Qb6 16. Bf3 Nc5 17. a4 a5 18. Ba3 Be4 19. Nxc6 bxc6 20. Qxd6 Rd7 21. Qxc5 Qxc5 22. Bxc5 Bxf3 23. gxf3 Ne6 24. Be3 c5 25. Rfd1 Rad8 26. Rxd7 Rxd7 27. Rb1 f5 28. b6 Rb7 29. Bd2 Nd4 30. Kg2 0-1

[Event "Paul Keres mem (23rd)"]
[Site "Vancouver CAN"]
[Date "1998.05.16"]
[Round "2"]
[White "Taylor, Nicholas"]
[Black "Samani, Arash"]
[Result "0-1"]
[WhiteElo "1831"]
[BlackElo "2219"]
[PlyCount "66"]
[GameId "2160767911873105"]
[EventDate "1998.05.15"]
[EventType "swiss"]
[EventRounds "7"]
[EventCountry "CAN"]

1. e4 c5 2. Nf3 Nc6 3. d4 cxd4 4. Nxd4 Nf6 5. Nc3 d6 6. Bg5 e6 7. Qd2 a6 8. O-O-O h6 9. Nxc6 bxc6 10. Bf4 d5 11. Be5 Be7 12. exd5 cxd5 13. Bd3 Qa5 14. Kb1 O-O 15. h3 Nd7 16. Bh2 Bb7 17. f4 Bc6 18. Rhe1 Rab8 19. Ne2 Qb6 20. c3 Nc5 21. Bg1 Qb7 22. Bxc5 Bxc5 23. Nc1 Ba4 24. b3 Rfc8 25. Bc2 Bb5 26. Nd3 Be7 27. Ne5 a5 28. Ka1 Qc7 29. Re3 Bf6 30. Bd3 Be8 31. c4 a4 32. Kb2 axb3 33. axb3 dxc4 0-1

[Event "Paul Keres mem (23rd)"]
[Site "Vancouver CAN"]
[Date "1998.05.16"]
[Round "2"]
[White "Wood, Richard"]
[Black "Kuczaj, Chris"]
[Result "1/2-1/2"]
[WhiteElo "2327"]
[BlackElo "2108"]
[PlyCount "27"]
[GameId "2160767911873107"]
[EventDate "1998.05.15"]
[EventType "swiss"]
[EventRounds "7"]
[EventCountry "CAN"]

1. f4 c5 2. Nf3 Nf6 3. e3 g6 4. Be2 Bg7 5. O-O O-O 6. d3 Nc6 7. Ne5 Qc7 8. Nxc6 bxc6 9. Nd2 d5 10. e4 c4 11. e5 cxd3 12. cxd3 Ne8 13. Nf3 f6 14. d4 1/2-1/2

[Event "Paul Keres mem (23rd)"]
[Site "Vancouver CAN"]
[Date "1998.05.16"]
[Round "2"]
[White "Wright, Stephen"]
[Black "Spraggett, Kevin"]
[Result "0-1"]
[WhiteElo "2239"]
[BlackElo "2633"]
[PlyCount "36"]
[GameId "2160767911873108"]
[EventDate "1998.05.15"]
[EventType "swiss"]
[EventRounds "7"]
[EventCountry "CAN"]

1. g3 g6 2. Bg2 Bg7 3. d4 d6 4. e4 Nf6 5. Nc3 O-O 6. Nge2 e5 7. h3 b6 8. Be3 Bb7 9. Qd2 exd4 10. Bxd4 Re8 11. f3 Nc6 12. Be3 d5 13. exd5 Na5 14. Qd3 Nxd5 15. Nxd5 Bxd5 16. O-O-O Qe7 17. Nf4 Bc4 18. Nd5 Bxd5 0-1

[Event "Paul Keres mem (23rd)"]
[Site "Vancouver CAN"]
[Date "1998.05.18"]
[Round "2"]
[White "Slambor, Jiri"]
[Black "Chapman, Erik"]
[Result "0-1"]
[WhiteElo "1829"]
[BlackElo "2016"]
[PlyCount "94"]
[GameId "2160767911873109"]
[EventDate "1998.05.15"]
[EventType "swiss"]
[EventRounds "7"]
[EventCountry "CAN"]

1. e4 c5 2. Nf3 Nc6 3. d4 cxd4 4. Nxd4 Nf6 5. Nc3 e5 6. Nxc6 bxc6 7. Bd3 Bb4 8. Bd2 O-O 9. O-O d5 10. Re1 d4 11. Ne2 Bxd2 12. Qxd2 Nh5 13. b4 Qh4 14. Rab1 Rb8 15. a3 Rb6 16. a4 c5 17. a5 Rh6 18. g3 Nxg3 19. Nxg3 Qxh2+ 20. Kf1 Qh3+ 21. Kg1 Bg4 22. Re3 dxe3 23. Qxe3 Qh2+ 24. Kf1 Rf6 25. Be2 Bh3+ 26. Ke1 Qg1+ 27. Nf1 Bxf1 28. Bxf1 Rf4 29. bxc5 Qh1 30. Rb4 Rf3 31. Qe2 Ra3 32. Rb1 Ra4 33. c4 Rxa5 34. c6 Rc5 35. Rb5 Rxc6 36. Rxe5 Rb6 37. Rd5 Rb1+ 38. Rd1 Rfb8 39. Qd3 Rxd1+ 40. Kxd1 Qxf1+ 41. Qxf1 Rb1+ 42. Ke2 Rxf1 43. Kxf1 Kf8 44. Ke2 Ke7 45. Kd3 Kd6 46. Kd4 h5 47. c5+ Kc6 0-1

[Event "Paul Keres mem (23rd)"]
[Site "Vancouver CAN"]
[Date "1998.05.16"]
[Round "3"]
[White "Angelvette, Duane"]
[Black "Pechisker, Alfred"]
[Result "0-1"]
[WhiteElo "1517"]
[BlackElo "2041"]
[PlyCount "100"]
[GameId "2160767911873111"]
[EventDate "1998.05.15"]
[EventType "swiss"]
[EventRounds "7"]
[EventCountry "CAN"]

1. Nf3 d5 2. b3 c5 3. e3 Nc6 4. Bb5 Nf6 5. Ne5 Qc7 6. Bb2 e6 7. O-O Bd6 8. f4 Bd7 9. Bxc6 Bxc6 10. d3 Nd7 11. Qh5 Bxe5 12. fxe5 g6 13. Qg5 h6 14. Qf4 Rh7 15. Na3 O-O-O 16. e4 g5 17. Qg3 b5 18. exd5 exd5 19. c4 dxc4 20. dxc4 b4 21. Nc2 Nf8 22. Rad1 Ne6 23. Rxd8+ Qxd8 24. Ne3 Qd3 25. Rd1 Qe2 26. Bc1 Qxa2 27. Nd5 Qc2 28. Qf3 Kb7 29. Rf1 Nd4 30. Qf6 Bxd5 31. cxd5 Qxb3 32. Qe7+ Kb6 33. Rf6+ Kb5 34. Qb7+ Kc4 35. Qa6+ Kxd5 36. Qd6+ Kc4 37. Rf1 Qc3 38. Kh1 Kb3 39. Qa6 Qc4 40. Qxc4+ Kxc4 41. Rf6 a5 42. Ra6 Kb5 43. Ra8 f6 44. exf6 Rf7 45. h4 gxh4 46. Bxh6 Rxf6 47. Bg5 Rf5 48. Bxh4 Rh5 49. g3 Nf3 50. Kg2 Nxh4+ 0-1

[Event "Paul Keres mem (23rd)"]
[Site "Vancouver CAN"]
[Date "1998.05.16"]
[Round "3"]
[White "Carlisle, Michael"]
[Black "Spicer, Christopher"]
[Result "1-0"]
[WhiteElo "1831"]
[BlackElo "2018"]
[PlyCount "60"]
[GameId "2160767911873112"]
[EventDate "1998.05.15"]
[EventType "swiss"]
[EventRounds "7"]
[EventCountry "CAN"]

1. e4 c5 2. Nf3 d6 3. c3 Nc6 4. d4 cxd4 5. cxd4 Nf6 6. Nc3 g6 7. Bc4 Bg7 8. O-O O-O 9. Bg5 Nxe4 10. Nxe4 d5 11. Bxd5 Qxd5 12. Nc3 Qd8 13. d5 Ne5 14. Nxe5 Bxe5 15. Re1 Bd6 16. Nb5 Bc5 17. Rc1 Qb6 18. Qe2 Bg4 19. Qc2 Rac8 20. Nc3 Qd8 21. Qe4 Bf5 22. Bxe7 Bxf2+ 23. Kxf2 Qb6+ 24. Qe3 Qxb2+ 25. Kg1 Rfe8 26. d6 Rc4 27. Nd5 Re4 28. Nf6+ Qxf6 29. Qxe4 Qb2 30. Qe2 Qd4+ 1-0

[Event "Paul Keres mem (23rd)"]
[Site "Vancouver CAN"]
[Date "1998.05.16"]
[Round "3"]
[White "Chapman, Erik"]
[Black "Kostadinov, George"]
[Result "1-0"]
[WhiteElo "2016"]
[BlackElo "2297"]
[PlyCount "85"]
[GameId "2160767911873113"]
[EventDate "1998.05.15"]
[EventType "swiss"]
[EventRounds "7"]
[EventCountry "CAN"]

1. f4 d5 2. Nf3 Nf6 3. e3 c5 4. b3 e6 5. Bb2 Bd6 6. Bd3 Nc6 7. O-O Qc7 8. Bb5 a6 9. Bxc6+ Qxc6 10. Ne5 Qc7 11. d3 b6 12. Nd2 Bb7 13. Ng4 Nxg4 14. Qxg4 O-O-O 15. d4 f5 16. Qe2 Rhg8 17. dxc5 bxc5 18. Nf3 h6 19. b4 c4 20. a4 g5 21. b5 Rde8 22. bxa6 Bxa6 23. Ne5 Bb7 24. Bd4 gxf4 25. exf4 Bxe5 26. Qxe5 Qxe5 27. fxe5 Rg4 28. c3 Reg8 29. Ra2 h5 30. Rf3 Bc6 31. Kf1 Kd7 32. Rff2 h4 33. a5 h3 34. g3 Ra8 35. a6 Rxd4 36. cxd4 c3 37. Rfc2 Bb5+ 38. Kf2 Bc4 39. Ra1 Bxa6 40. Rxc3 Rc8 41. Rxc8 Bxc8 42. Ra7+ Kc6 43. Rh7 1-0

[Event "Paul Keres mem (23rd)"]
[Site "Vancouver CAN"]
[Date "1998.05.16"]
[Round "3"]
[White "Glusica, Momir"]
[Black "Poitras, Luc"]
[Result "1/2-1/2"]
[WhiteElo "2110"]
[BlackElo "2224"]
[PlyCount "38"]
[GameId "2160767911873114"]
[EventDate "1998.05.15"]
[EventType "swiss"]
[EventRounds "7"]
[EventCountry "CAN"]

1. b3 c5 2. Bb2 Nc6 3. e3 Nf6 4. Nf3 d6 5. Be2 g6 6. O-O Bg7 7. c4 O-O 8. d4 cxd4 9. Nxd4 Nxd4 10. Bxd4 Bd7 11. Nd2 Bc6 12. f3 e5 13. Bb2 Qb6 14. c5 Qxc5 15. Nc4 Rfd8 16. Ba3 Qd5 17. Nxd6 Bf8 18. Nc4 Bxa3 19. Nxa3 Qc5 1/2-1/2

[Event "Paul Keres mem (23rd)"]
[Site "Vancouver CAN"]
[Date "1998.05.16"]
[Round "3"]
[White "Hallam, John"]
[Black "Wood, Richard"]
[Result "1-0"]
[WhiteElo "2219"]
[BlackElo "2327"]
[PlyCount "63"]
[GameId "2160767911873115"]
[EventDate "1998.05.15"]
[EventType "swiss"]
[EventRounds "7"]
[EventCountry "CAN"]

1. d4 f5 2. g3 Nf6 3. Bg2 e6 4. Nf3 Be7 5. O-O O-O 6. Nbd2 Qe8 7. c4 a5 8. Qc2 Na6 9. a3 d5 10. Ne5 c6 11. Ndf3 Ne4 12. Nd3 Bd7 13. Nfe5 b5 14. c5 Qc8 15. Bd2 Bd8 16. b3 Be8 17. Rae1 Nb8 18. f3 Nf6 19. Nf2 Nfd7 20. Bf4 g5 21. Nxd7 Nxd7 22. Bd6 Rf6 23. e4 Bg6 24. Qd2 h6 25. exf5 Bxf5 26. Ng4 Bxg4 27. fxg4 Rxf1+ 28. Bxf1 Nf8 29. Qf2 Nh7 30. Bd3 Ra7 31. Bxh7+ Kxh7 32. Qf8 1-0

[Event "Paul Keres mem (23rd)"]
[Site "Vancouver CAN"]
[Date "1998.05.16"]
[Round "3"]
[White "Harris, Philip"]
[Black "Wright, Stephen"]
[Result "0-1"]
[WhiteElo "2004"]
[BlackElo "2239"]
[PlyCount "80"]
[GameId "2160767911873116"]
[EventDate "1998.05.15"]
[EventType "swiss"]
[EventRounds "7"]
[EventCountry "CAN"]

1. e4 Nf6 2. e5 Nd5 3. d4 d6 4. c4 Nb6 5. exd6 cxd6 6. Bd3 g6 7. Nc3 Bg7 8. Nge2 O-O 9. O-O e5 10. d5 f5 11. b3 a5 12. Bb2 Na6 13. Bc2 Bd7 14. Qd2 a4 15. Ba3 Qc7 16. Rac1 axb3 17. axb3 Nc5 18. Bb2 Rfc8 19. Ra1 Qd8 20. Rxa8 Rxa8 21. Nc1 Be8 22. Qe2 Rc8 23. Nd3 Ncd7 24. Ra1 Nf6 25. f3 Qc7 26. Kh1 Bf8 27. Ra7 Qb8 28. Ra1 Qc7 29. Ra7 Bd7 30. Bd1 Rb8 31. Qf2 Nc8 32. Ra1 b5 33. Be2 bxc4 34. bxc4 Nb6 35. Nb4 Nxc4 36. Na6 Qb6 37. Qf1 Rc8 38. Bc1 Qd4 39. Qe1 Ne3 40. Ra3 Nc2 0-1

[Event "Paul Keres mem (23rd)"]
[Site "Vancouver CAN"]
[Date "1998.05.16"]
[Round "3"]
[White "Higgs, Ian"]
[Black "Berg, Michael"]
[Result "1-0"]
[WhiteElo "1955"]
[BlackElo "1550"]
[PlyCount "79"]
[GameId "2160767911873117"]
[EventDate "1998.05.15"]
[EventType "swiss"]
[EventRounds "7"]
[EventCountry "CAN"]

1. e4 c5 2. Nf3 d6 3. d4 cxd4 4. Nxd4 Nf6 5. Nc3 g6 6. Be2 Bg7 7. Be3 O-O 8. O-O Nc6 9. Kh1 a6 10. f4 Qc7 11. Bf3 Bd7 12. Rf2 Nxd4 13. Bxd4 Bc6 14. Nd5 Bxd5 15. exd5 b5 16. c3 Rad8 17. a4 Ra8 18. Re2 Rfe8 19. b3 h5 20. h3 Nh7 21. Bxg7 Kxg7 22. Qd4+ Kg8 23. Rea2 Rec8 24. Rc2 Nf6 25. Rac1 bxa4 26. Qxa4 Nd7 27. c4 Nc5 28. Qa3 a5 29. Rc3 Rcb8 30. Re3 Qd8 31. Rce1 Rb7 32. f5 Rab8 33. fxg6 fxg6 34. Bd1 Ra8 35. Qc1 Nd7 36. Rxe7 Ne5 37. Rxb7 Nd3 38. Qh6 Nf2+ 39. Kh2 Ng4+ 40. Bxg4 1-0

[Event "Paul Keres mem (23rd)"]
[Site "Vancouver CAN"]
[Date "1998.05.16"]
[Round "3"]
[White "Holubowicz, Kazimiercz"]
[Black "Niksic, John"]
[Result "0-1"]
[WhiteElo "1823"]
[BlackElo "2142"]
[PlyCount "90"]
[GameId "2160767911873118"]
[EventDate "1998.05.15"]
[EventType "swiss"]
[EventRounds "7"]
[EventCountry "CAN"]

1. d4 Nf6 2. Nf3 b6 3. Bf4 Bb7 4. e3 e6 5. c3 d5 6. Bd3 Bd6 7. Bg3 O-O 8. Nbd2 c5 9. Ne5 Nc6 10. Ndf3 Qc7 11. Nxc6 Bxc6 12. Ne5 Bb7 13. Qc2 Rac8 14. O-O-O c4 15. Be2 b5 16. a3 a5 17. Ng4 Nd7 18. f4 f5 19. Ne5 b4 20. a4 Bxe5 21. fxe5 b3 22. Qd2 Qc6 23. Qe1 Nb6 24. Bh4 Nxa4 25. Be7 Rf7 26. Ba3 Nb6 27. Bh5 g6 28. Qg3 Rg7 29. Bf3 Na8 30. Qg5 Qc7 31. h4 Qd8 32. Qh6 Rc6 33. g4 Bc8 34. Rhg1 Nc7 35. gxf5 exf5 36. Bd6 Be6 37. Rg5 Nb5 38. Bc5 a4 39. Rdg1 a3 40. h5 Bf7 41. Rxf5 axb2+ 42. Kxb2 Qa8 43. Ra1 Ra6 44. Rxf7 Ra2+ 45. Kc1 Rxa1+ 0-1

[Event "Paul Keres mem (23rd)"]
[Site "Vancouver CAN"]
[Date "1998.05.16"]
[Round "3"]
[White "Lane, Travis"]
[Black "Neufahrt, Gerhard"]
[Result "0-1"]
[WhiteElo "1816"]
[BlackElo "2129"]
[PlyCount "50"]
[GameId "2160767911873119"]
[EventDate "1998.05.15"]
[EventType "swiss"]
[EventRounds "7"]
[EventCountry "CAN"]

1. e4 g6 2. d4 Bg7 3. Nc3 c6 4. Be3 d6 5. g3 Nd7 6. Bg2 Ngf6 7. h3 O-O 8. Nge2 Nb6 9. b3 Qc7 10. O-O e5 11. Qd2 Re8 12. Rad1 Bd7 13. dxe5 dxe5 14. Nc1 Rad8 15. Nd3 Bc8 16. Qc1 Nh5 17. Ne2 f5 18. f4 fxe4 19. Nc5 Rxd1 20. Rxd1 exf4 21. Bxf4 Nxf4 22. Nxf4 e3 23. Ne4 Rd8 24. Rxd8+ Qxd8 25. Qxe3 Bd4 0-1

[Event "Paul Keres mem (23rd)"]
[Site "Vancouver CAN"]
[Date "1998.05.16"]
[Round "3"]
[White "Long, Hugh"]
[Black "Chow, Vincent"]
[Result "0-1"]
[WhiteElo "1737"]
[BlackElo "2040"]
[PlyCount "65"]
[GameId "2160767911873120"]
[EventDate "1998.05.15"]
[EventType "swiss"]
[EventRounds "7"]
[EventCountry "CAN"]

1. e4 c6 2. d4 d5 3. exd5 cxd5 4. Nf3 Nf6 5. Bb5+ Bd7 6. Bxd7+ Nbxd7 7. O-O e6 8. Nc3 Be7 9. Qe2 O-O 10. Re1 Rc8 11. Bg5 Qb6 12. Reb1 a6 13. Nd1 Qc7 14. c3 Bd6 15. h3 Ne4 16. Bd2 Ndf6 17. a4 Nxd2 18. Nxd2 Bf4 19. a5 Bxd2 20. Qxd2 Ne4 21. Qe2 Qf4 22. Ne3 f5 23. Re1 Rf6 24. Ra4 Qg5 25. f3 Ng3 26. Qf2 Rh6 27. Kh2 Nh5 28. g3 f4 29. gxf4 Nxf4 30. Qg3 Rxh3+ 31. Qxh3 Nxh3 32. Kxh3 Rf8 33. Raa1 0-1